Levoča - Štefánikovo nám.

Zobrazenie: V bielom orámovaní pohľad na Štefánikovo námestie

Bibliographic Details
Format: Photo
Language:Slovak
PhysicalDescription:1 pohľadnica čiernobiela 9 x 14 cm
Published: Levoča Cyrilometodejské kníhkupectvo a kníhtlačiareň 1942
Subjects:

MARC

LEADER 00000nkm a2200000 a 4500
001 vtls001395121
003 SK-MaSNL
005 20260301201818.0
007 kf bo
008 240703s1942 xo 0k|slo
015 |a SNBG1942 
035 |a SNK000349466 
035 |a urn:nbn:sk:snk-km3lxwv 
035 |a 97CA3CE3-C1FF-4168-A2D5-FC3DFFFD41B7 
035 |a urn:nbn:sk:snk-km00dpdv 
040 |a SNK  |b slo  |c SNK  |e AACR2 
041 0 |a slo 
043 |a e-xo--- 
044 |a xo  |c SK 
072 7 |a 913  |x Regionálna geografia  |2 konspekt 
080 |a 913(437.6)  |2 2011 
080 |a (084.121)  |2 2011 
080 |a 711.61  |2 2011 
245 0 0 |a Levoča - Štefánikovo nám.  |h grafika 
260 |a Levoča  |b Cyrilometodejské kníhkupectvo a kníhtlačiareň  |c 1942 
300 |a 1 pohľadnica  |b čiernobiela  |c 9 x 14 cm 
520 8 |a Zobrazenie: V bielom orámovaní pohľad na Štefánikovo námestie 
650 0 7 |a námestia  |2 SNKPH  |9 26291 
651 7 |a Levoča (Slovensko)  |2 SNKPHgeo  |9 26696 
655 7 |a miestne pohľadnice  |2 SNKPH  |9 70510 
852 |a Slovenská národná knižnica 
958 |a EUIPO 
958 |a GBN 
958 |a GC 
958 |a OND 
999 |c 896366  |d 898296 
952 |t P60, <03>, [BOOK], {603}  |a SNK  |b SNK  |y PREZ  |7 0  |p 17A0250871  |o snkSP 17184  |0 0  |1 0  |4 0  |d 2000-08-30  |f 1  |l 0  |r 2005-01-02 00:00:00  |w 2026-02-24